00907nam a2200277 a 450000100060000000300100000600500170001600700030003300800410003602000180007704000300009504100080012508200240013310000290015724500470018625000180023330000350025133600270028633700330031333800280034649000310037465000420040565000410044765000710048865000700055960358CO-BoRNBP20260128153619.0ta121120s2012 ck a gr 000 0dspa d a9789587611502 aCO-BoBLA bspa cCO-BoBLA0 aspa04a570.1519bL66b 2211 aLópez-Kleine, Liliana.10aBioestadística / cLiliana Lopez Kleine. a1a. edición axii, 140 p. : bil. ; c24 cm. 2rdacontentatextobtxt 2rdamediaasin mediaciónbn 2rdacarrieravolumenbnc0 aColección notas de clase 7aEstadística demográfica.2BLAAUTO 7aEstadística matemática.2BLAAUTO 7aEstadística demográficav Problemas, ejercicios, etc.2BLAAUTO 7aEstadística matemáticav Problemas, ejercicios, etc.2BLAAUTO